000 01094cad a22002295a 4500
001 E148073
008 090721s2008 xxkad f s 000 0 eng d
035 _a(Sirsi) u148073
041 0 _aeng
050 0 4 _a333.32 $2 22
110 2 _aStrutt & Parker
_92509
245 0 4 _aThe Strutt and Parker IPD lease events review 2009
_bsummary
_h[electronic resource]
260 _aLondon
_bStrutt and Parker
_c2009
490 0 _aStrutt and Parker IPD Lease Events Review
520 _aReports that in 2007 the proportion of leases renewed increased from 17% in 2007, to 33% in 2008. The propensity to let to a new tenant increased by 1% on 2007, to 26%, with 41% of units empty at the end of 2008, a lower figure than the end of 2007. The highest void rate was seen in the office sector, with 50% of units empty at year end.
521 _aAdvanced
590 _aKA NTK
651 4 _aUnited Kingdom
_y
690 _aPROPERTY-COMMERCIAL PROPERTY-COMMERCIAL PROPERTY MARKET
856 4 0 _uhttps://www.struttandparker.com/
_zView this report free of charge at www.struttandparker.com...
942 _n0
999 _c109870
_d109870